Angličtina - časté gramatické chyby /

Hlavní autor: Stevens, John
Jazyk: Čeština
Angličtina
Vydáno: Praha : Grada, 2010
Vydání: 1. vyd.
Edice: Velmi lehce
Témata:
Fyzický popis: 120 s. : il. ; 16 cm
Knihy
Uloženo v:
LEADER 01589nam a2200469 a 4500
001 nkc20102091561
003 CZ PrNK
005 20101203080737.0
007 ta
008 100319s2010 xr a g 000 0 cze
015 |a cnb002091561 
020 |a 978-80-247-3401-9  |q (brož.) 
035 |a (OCoLC)649799938 
040 |a OLA001  |b cze  |d BOA001  |d ABA001 
041 1 |a cze  |a eng  |h ger 
072 7 |a 811.111  |x Angličtina  |2 Konspekt  |9 11 
080 |a 811.111  |2 MRF 
080 |a 81'36  |2 MRF 
080 |a (076.3)  |2 MRF 
100 1 |a Stevens, John  |7 mzk2007408184  |4 aut 
245 1 0 |a Angličtina - časté gramatické chyby /  |c John Stevens ; [přeložil Richard Kříž] 
246 1 |i Název na rubu tit. s.:  |a Procvičujeme si-- časté gramatické chyby 
246 3 |a Časté gramatické chyby - angličtina 
250 |a 1. vyd. 
260 |a Praha :  |b Grada,  |c 2010 
300 |a 120 s. :  |b il. ;  |c 16 cm 
490 1 |a Velmi lehce 
500 |a Část. přeloženo z němčiny 
500 |a Na obálce uvedeno: pro A2 - B1 
650 0 7 |a angličtina  |7 ph114056  |2 czenas 
650 0 7 |a mluvnice  |7 ph115331  |2 czenas 
650 0 9 |a English language  |2 eczenas 
650 0 9 |a grammar  |2 eczenas 
655 7 |a diktáty a cvičení  |7 fd186920  |2 czenas 
655 9 |a language exercises and dictations  |2 eczenas 
765 0 |t Common mistakes in English grammar  |9 Česky 
830 0 |a Velmi lehce  |0 s 
910 2 |a BOA001  |b 1-1243.319 
990 |a BK 
995 |a 01 
991 |b 201006  |c NOV 
996 6 |b 2610437690  |c 1-1243.319  |l MZK  |r Sklad / do 1 hodiny  |n 8  |p p.v.  |w 001122285  |u 000010  |a 1  |e BOA001  |j MZK50  |s P